| 000 | 02585cam a2200349 a 4500 | ||
|---|---|---|---|
| 003 | EG-GiCUC | ||
| 005 | 20250223030351.0 | ||
| 008 | 110310s2011 ua f m 000 0 ara d | ||
| 040 |
_aEG-GiCUC _bara _cEG-GiCUC |
||
| 041 | 0 | _aara | |
| 049 | _aايداع | ||
| 097 | _aدكتوراه | ||
| 099 | _aCai01.23.05.Ph.D.2011.غى.ف | ||
| 100 | 0 | _aغيداء عبدالله أحمد حسنين الجبالى | |
| 245 | 1 | 0 |
_aفعالية برنامج مقترح لتنمية بعض مهارات السلوك القيادى لدى أطفال الروضة / _cغيداء عبدالله أحمد حسنين الجبالى ؛ إشراف علاء الدين أحمد كفافى : سميرة السيد عبدالعال : علا عبدالرحمن على محمد |
| 246 | 1 | 5 | _aThe effectiveness of a proposed program to develop some leadership behavior skills at kindergartners |
| 260 |
_aالقاهرة : _bغيداء عبدالله أحمد حسنين الجبالى : _c2011 |
||
| 300 |
_a210 ص ؛ _c25سم |
||
| 502 | _aاطروحة (دكتوراه) - جامعة القاهرة - معهد الدراسات و البحوث التربوية - قسم رياض الأطفال و التعليم الابتدائي | ||
| 520 | _aهدفت الدراسة الحالية إلى تصميم برنامج أنشطة لتنمية بعض مهارات السلوك القيادى (مهارات الاتصال: حل المشكلات: اتخاذ القرار : التخطيط) لدى أطفال الروضة : و تكونت عينة الدراسة من (٦٠ طفلا و طفلة) تتراوح أعمارهم من ٥-٦ سنوات و تم تقسيمهم إلى مجموعتين (٣٠) طفلا و طفلة مجموعة تجريبية و (٣٠) طفلا و طفلة مجموعة ضابطة و استخدمت الدراسة الأدوات منها: مقياس مهارات السلوك القيادى (بعض مهارات الاتصال - حل المشكلات - اتخاذ القرار - التخطيط) المصور و اللفظى لأطفال الروضة | ||
| 530 | _aصدر ايضا كقرص مدمج | ||
| 653 | 4 | _aأطفال الروضة | |
| 653 | 4 | _aفعالية برنامج مقترح | |
| 653 | 4 | _aمهارات السلوك القيادي | |
| 700 | 0 |
_aسميرة السيد عبدالعال : _eمشرف |
|
| 700 | 0 |
_aعلا عبدالرحمن على محمد : _eمشرف |
|
| 700 | 0 |
_aعلاء الدين أحمد كفافى : _eمشرف |
|
| 856 | _uhttp://172.23.153.220/th.pdf | ||
| 905 |
_aNazla _eRevisor |
||
| 905 |
_aSamia _eCataloger |
||
| 942 |
_2ddc _cTH |
||
| 999 |
_c33246 _d33246 |
||